Celebrities in the Mirror Quiz Stats

 Plays Quiz Updated Jul 1, 2018

Challenge
Share
Tweet
Score 0/20 Timer 06:00
10 Plays Today
% Correct
Marilyn Monroe
97.7%
David Bowie
94.7%
Justin Bieber
92.1%
Madonna
90.8%
Marilyn Manson
90.7%
Paul McCartney
90.3%
Bob Dylan
85.3%
Audrey Hepburn
80.7%
Natalie Portman
77%
Reese Witherspoon
76.9%
% Correct
Arnold Schwarzenegger
74.3%
Jennifer Lopez
73.3%
Scarlett Johansson
67.3%
Salma Hayek
64.1%
Jon Hamm
53.8%
Nicole Kidman
53.3%
Uma Thurman
52.3%
Liam Hemsworth
43.7%
Cary Grant
38%
Billie Holiday
26.9%

You're not logged in!

Compare scores with friends on all Sporcle quizzes.
Join for Free
OR
Log In

You Might Also Like...

Show Comments

Extras

Top Quizzes Today


Score Distribution

Your Account Isn't Verified!

In order to create a playlist on Sporcle, you need to verify the email address you used during registration. Go to your Sporcle Settings to finish the process.

Report this User

Report this user for behavior that violates our Community Guidelines.

Details: